01799nam a22001817a 450000500170000000800410001702000180005804000070007604100120008308200140009510000160010924500520012526000480017730000260022536500600025152012660031165000400157720260117102428.0260117b |||||||| |||| 00| 0 eng d a9780143479857 cAL aEnglish a920bBHAD aHarish Bhat aDoing the right thing learnings from Ratan Tata aHaryanabPenguin random house Pvt Ltdc2025 a269 p.bHBc22x14 cm. aKSCR-000703b₹639.00c₹d₹799.00e20%f13-01-2026 aRatan Tata was an iconic leader who shaped the Indian industry. He inspired an entire generation. When he passed away in 2024, millions of Indians felt a sense of deep personal loss. In this unique and engaging book, Harish Bhat, bestselling author and a Tata veteran, explores what lay at the heart of Ratan Tata’s extraordinary leadership. His steadfast desire to always ‘do the right thing’ appears to have shaped his thinking and actions. But what exactly does this mean? In these pages, through inspiring real-life stories drawn from Ratan Tata’s long career, this strong belief comes to life vividly. Why did he decide to create the Tata Indica? Why did he say: ‘A promise is a promise’? What led him to walk away from a large business opportunity for Tata Chemicals? Why did he telephone the managing director of Tata Steel a second time? How did he ensure fairness to everyone during a process of divestment? Why and how did he lead the fight against cancer? How did he respond to the 26/11 terror attacks in Mumbai? This book is full of such fascinating and many untold Ratan Tata stories. Through these compelling narratives and the lessons they hold, this powerful book will guide you towards ‘doing the right thing’ in your own life. aLeadership, Life Lessons and Vision